LIBRARY & INFORMATION CENTRE, KCAET, TAVANUR

ONLINE PUBLIC ACCESS CATALOGUE (OPAC)

Introduction to environmental engineering and science / (Record no. 9429)

MARC details
000 -LEADER
fixed length control field 00558cam a2200205ua 4500
020 ## - INTERNATIONAL STANDARD BOOK NUMBER
ISBN 81 203 0881 6
041 ## - LANGUAGE CODE
Language code of text/sound track or separate title eng
082 ## - DEWEY DECIMAL CLASSIFICATION NUMBER
Classification number 628
Item number MAS/IN
100 ## - MAIN ENTRY--AUTHOR NAME
Personal name Masters, Gilbert M .
245 ## - TITLE STATEMENT
Title Introduction to environmental engineering and science /
250 ## - EDITION STATEMENT
Edition statement 1 /
260 ## - PUBLICATION, DISTRIBUTION, ETC. (IMPRINT)
Place of publication New Delhi :
Name of publisher Prentice Hall of India Pvt Ltd. ,
Year of publication 1994.
300 ## - PHYSICAL DESCRIPTION
Number of Pages 460 ; .
500 ## - GENERAL NOTE
General note * CSS
942 ## - ADDED ENTRY ELEMENTS (KOHA)
Koha item type Books
Holdings
Withdrawn status Lost status Damaged status Home library Current library Date acquired Full call number Accession Number Koha item type
      KAUAET KAUAET 07/04/2012 628 21768 Books
free website counter